LEADER 01043nam--2200361---450- 001 990003126900203316 005 20080710111103.0 010 $a978-88-263-1706-9 035 $a000312690 035 $aUSA01000312690 035 $a(ALEPH)000312690USA01 035 $a000312690 100 $a20080710d2008----km-y0itay50------ba 101 $aita 102 $aIT 105 $a||||||||001yy 200 1 $a<> dolore estremo$eil trauma da Freud alla Shoah$fClara Mucci$gprefazione di Otto Kernberg 210 $aRoma$cBorla$d2008 215 $a202 p.$d21 cm 606 0 $aTraumi psichici$2BNCF 676 $a616.8521 700 1$aMUCCI,$bClara$0292980 702 1$aKERNBERG,$bOtto 801 0$aIT$bsalbc$gISBD 912 $a990003126900203316 951 $aII.3. 1216$b209759 L.M.$cII.3.$d00174766 959 $aBK 969 $aUMA 979 $aGIUSY$b90$c20080710$lUSA01$h1106 979 $aGIUSY$b90$c20080710$lUSA01$h1108 979 $aGIUSY$b90$c20080710$lUSA01$h1111 996 $aDolore estremo$91017238 997 $aUNISA LEADER 00965nam--2200337---450- 001 990003242290203316 005 20090512120855.0 010 $a0-471-09110-3 035 $a000324229 035 $aUSA01000324229 035 $a(ALEPH)000324229USA01 035 $a000324229 100 $a20090512d1971----km-y0itay50------ba 101 $aeng 102 $aUS 105 $a||||||||001yy 200 1 $aGeneralized inverse matrices$fThomas L. Boullion and Patrick L. Odell 210 $aNew York$cWiley Interscience$d1971 215 $aX; 103 p.$d23 cm 606 0 $aMatrici (Matematica) 676 $a512.943 700 1$aBOULLION,$bThomas L.$0104328 701 1$aODELL,$bPatrick L.$012708 801 0$aIT$bsalbc$gISBD 912 $a990003242290203316 951 $a512.943 BOU$b6019/CBS$c512.943$d00220937 959 $aBK 969 $aSCI 979 $aRSIAV6$b90$c20090512$lUSA01$h1208 996 $aGeneralized inverse matrices$9332066 997 $aUNISA